000 00676cab a2200229 4500
001 WB3336-33
008 090401t1997 xxu||||| |||| 00| 0 eng d
035 _a(Sirsi) u80969
041 _aeng
245 _aBeef ban is beginning to budge
260 _c1997
350 _a0
490 _aNews from the NFU
_v17 September 1997
490 _aFinancial Times
_v19 September 1997, 7(3)
520 _aThe Scientific Veterinary Committee in Brussels has issued a statement which could mean a partial lifting of the ban on British beef.
650 _aBAN
650 _aBEEF
650 _aEUROPEAN UNION
690 _aRURAL PRACTICE
942 _n0
948 _c19/09/1997
999 _c51005
_d51005